London housing design guide (Record no. 110963)
[ view plain ]
| 000 -LEADER | |
|---|---|
| fixed length control field | 01199cad a22001935a 4500 |
| 001 - CONTROL NUMBER | |
| control field | L150739 |
| 008 - FIXED-LENGTH DATA ELEMENTS--GENERAL INFORMATION | |
| fixed length control field | 100825s2010 xxk f 000 0 eng d |
| 035 ## - SYSTEM CONTROL NUMBER | |
| System control number | (Sirsi) u150739 |
| 041 0# - LANGUAGE CODE | |
| Language code of text/sound track or separate title | eng |
| 110 2# - MAIN ENTRY--CORPORATE NAME | |
| Corporate name or jurisdiction name as entry element | London |
| Subordinate unit | Greater London Authority |
| 9 (RLIN) | 3989 |
| 245 00 - TITLE STATEMENT | |
| Title | London housing design guide |
| Remainder of title | interim edition |
| Medium | [electronic resource] |
| 260 ## - PUBLICATION, DISTRIBUTION, ETC. | |
| Place of publication, distribution, etc. | London |
| Name of publisher, distributor, etc. | London Development Agency |
| Date of publication, distribution, etc. | 2010 |
| 520 ## - SUMMARY, ETC. | |
| Summary, etc. | Interim London Housing Design Guide is published which sets out the Mayor of London?s aspirations for the design of new housing. This sets a new benchmark for housing in the capital with all housing built on London Development Agency Land expected to meet these standards which from April 2011 will also apply to housing schemes applying for funding from the London homes and Communities Agency. This Interim Edition may be subject to further changes before a final version is produced next year. |
| 590 ## - LOCAL NOTE (RLIN) | |
| Local note | KA NTK |
| 651 #4 - SUBJECT ADDED ENTRY--GEOGRAPHIC NAME | |
| Geographic name | London |
| 690 ## - LOCAL SUBJECT ADDED ENTRY--TOPICAL TERM (OCLC, RLIN) | |
| Topical term or geographic name as entry element | PROPERTY-RESIDENTIAL PROPERTY-DOMESTIC RESIDENTIAL PROPERTY-HOUSING |
| 856 40 - ELECTRONIC LOCATION AND ACCESS | |
| Uniform Resource Identifier | <a href="https://www.london.gov.uk/sites/default/files/Interim%20London%20Housing%20Design%20Guide.pdf">https://www.london.gov.uk/sites/default/files/Interim%20London%20Housing%20Design%20Guide.pdf</a> |
| Public note | View the item free of charge at www.london.gov.uk |
| 942 ## - ADDED ENTRY ELEMENTS (KOHA) | |
| Suppress in OPAC | 0 |
| Withdrawn status | Lost status | Source of classification or shelving scheme | Damaged status | Not for loan | Home library | Current library | Shelving location | Date acquired | Total Checkouts | Full call number | Barcode | Date last seen | Copy number | Price effective from | Koha item type |
|---|---|---|---|---|---|---|---|---|---|---|---|---|---|---|---|
| Dewey Decimal Classification | Virtual | Virtual | Online | 25/08/2010 | ONLINE PUBLICATION | 150739-2001 | 06/08/2019 | 1 | 06/08/2019 | Book |